| 000 | 00793nas a2200253 4500 | ||
|---|---|---|---|
| 001 | BR0604169 | ||
| 003 | BR-BrBNA | ||
| 005 | 20231205110400.0 | ||
| 007 | ta | ||
| 008 | 230509b bl.|||p| |||| 00| 00por d | ||
| 040 |
_aBR-BrBNA _bpor _cBiblioteca Nacional de Agricultura |
||
| 041 | _a(En) | ||
| 072 | _aF30 | ||
| 100 | 1 | _aSouza, E.F.M. de | |
| 100 | 1 | _aPeternelli, L.A. | |
| 100 | 1 | _aBarbosa, M.H.P. | |
| 245 | 1 | _aDesigns and model effects definitions in the initial stage of a plant breeding program | |
| 650 | _aCANA DE AÇUCAR | ||
| 650 | _aSELEÇÃO | ||
| 650 | _aMODELO DE SIMULAÇÃO | ||
| 773 | 0 |
_tPesquisa Agropecuária Brasileira (Brazil) _xISSN 0100-204X _g(Mar 2006), v. 41(3) p. 369-375 _wBR0604169 |
|
| 909 |
_a202311 _bLúcia _c55 _dLúcia Elande |
||
| 942 |
_2AGRIS _n0 _cANA |
||
| 999 |
_c187179 _d187179 |
||